Ensuring the quality, credibility, and relevance of U.S. justice statistics

Kaydedildi:
Detaylı Bibliyografya
Kurumsal yazarlar: National Research Council (U.S.). Panel to Review the Programs of the Bureau of Justice Statistics, National Research Council (U.S.). Committee on National Statistics, National Research Council (U.S.). Committee on Law and Justice, ebrary, Inc
Diğer Yazarlar: Groves, Robert M., Cork, Daniel L.
Materyal Türü: Elektronik Ekitap
Dil:İngilizce
Baskı/Yayın Bilgisi: Washington, DC : National Academies Press, c2009.
Konular:
Online Erişim:An electronic book accessible through the World Wide Web; click to view
Etiketler: Etiketle
Etiket eklenmemiş, İlk siz ekleyin!

MARC

LEADER 00000nam a2200000Ia 4500
001 0000113363
005 20171002055954.0
006 m u
007 cr cn|||||||||
008 090928s2009 dcudk sb 000 0 eng d
020 |z 9780309139106 (pbk.) 
020 |z 0309139104 (pbk.) 
035 |a (CaPaEBR)ebr10333694 
035 |a (OCoLC)483821781 
040 |a CaPaEBR  |c CaPaEBR 
050 1 4 |a HV7415  |b .N37 2009eb 
110 2 |a National Research Council (U.S.).  |b Panel to Review the Programs of the Bureau of Justice Statistics. 
245 1 0 |a Ensuring the quality, credibility, and relevance of U.S. justice statistics  |h [electronic resource] /  |c Panel to Review the Programs of the Bureau of Justice Statistics ; Robert M. Groves and Daniel L. Cork, editors ; Committee on National Statistics, Committee on Law and Justice, Division of Behavioral and Social Sciences and Education, National Research Council of the National Academies. 
260 |a Washington, DC :  |b National Academies Press,  |c c2009. 
300 |a xxiv, 352 p. :  |b charts, forms. 
504 |a Includes bibliographical references. 
533 |a Electronic reproduction.  |b Palo Alto, Calif. :  |c ebrary,  |d 2011.  |n Available via World Wide Web.  |n Access may be limited to ebrary affiliated libraries. 
610 1 0 |a United States.  |b Bureau of Justice Statistics. 
651 0 |a United States  |v Statistics  |x Quality control. 
655 7 |a Electronic books.  |2 local 
700 1 |a Groves, Robert M. 
700 1 |a Cork, Daniel L. 
710 2 |a National Research Council (U.S.).  |b Committee on National Statistics. 
710 2 |a National Research Council (U.S.).  |b Committee on Law and Justice. 
710 2 |a ebrary, Inc. 
856 4 0 |u http://site.ebrary.com/lib/daystar/Doc?id=10333694  |z An electronic book accessible through the World Wide Web; click to view 
908 |a 170314 
942 0 0 |c EB 
999 |c 102513  |d 102513